Statistics for Pro Wrestling Multiple Choice Trivia #2

Click here to take the quiz!

General Stats

  • This quiz has been taken 208 times
  • The average score is 11 of 15

Answer Stats

QuestionAnswer% Correct
Which of these wrestling moves was created by Jake "the Snake" Roberts?DDT
92%
Which of these wrestlers have never held political office?Ric Flair
88%
What NBA player became a member of the New World Order in 1997?Dennis Rodman
86%
What is the name of WWE's current developmental territory?NXT
86%
From whom did "The Million Dollar Man" Ted DiBiase purchase the WWF Championship in 1988?André the Giant
85%
Who was the leader of the stable Evolution in WWE?Triple H
83%
Which of these characters was not portrayed by Charles Wright?Flash Funk
81%
Which of these wrestlers did NOT use a Shooting Star Press?Rey Mysterio
76%
Who was The Undertaker's opponent in the first ever Hell in a Cell match?Shawn Michaels
68%
Which of these quotes is not associated with Ric Flair?"You don't tug on Superman's cape, you don't spit against the wind, and you don't write checks that your body can't cash!"
68%
Who had the most reigns as WCW World Heavyweight Champion?Ric Flair
66%
Jerry "The King" Lawler famously slapped actor Andy Kaufman on whose talk show?David Letterman
59%
ECW's infamous "Chair Incident" at Hardcore Heaven 1994 happened when Terry Funk asked fans to throw him a chair after what tag team interrupted his match?The Public Enemy
57%
Which of these is NOT in the WWE Hall of Fame's celebrity wing?Cyndi Lauper
43%
Which of these masked wrestlers has not competed for Lucha Underground?Mistico
35%

Score Distribution

Percentile by Number Answered

Percent of People with Each Score

Your Score History

You have not taken this quiz